000 00355nam a2200157 i 4500
001 bg
100 1 _aPANEK, W.
245 0 _aTechnologia tkactwa dla ZSZ /
_cW. Panek, K. Turek.
250 _aWyd.3.
260 _aWarszawa,
_c1985.
700 1 _aTUREK, K.
040 _cBPK
041 _apol
942 _cKS
008 s pl f |000 0 pol
999 _c3535
_d3535
856 _uhttp://koha.tu.koszalin.pl/cgi-bin/koha/opac-detail.pl?biblionumber=3535
_yKatalog online BPK